Dawn of freedom (Record no. 487113)

000 -LEADER
fixed length control field 00303cam a22001097a 4500
008 - FIXED-LENGTH DATA ELEMENTS--GENERAL INFORMATION
fixed length control field 180718b1953 xxu||||| |||| 00| 0 eng d
082 ## - DEWEY DECIMAL CLASSIFICATION NUMBER
Classification number A6x5422
245 ## - TITLE STATEMENT
Title Dawn of freedom
Statement of responsibility, etc. edited by V.N. Misra
260 ## - PUBLICATION, DISTRIBUTION, ETC.
Place of publication, distribution, etc. Rewa
Name of publisher, distributor, etc. Information and Publicity Department
Date of publication, distribution, etc. 1953
300 ## - PHYSICAL DESCRIPTION
Extent 126+p.
700 ## - ADDED ENTRY--PERSONAL NAME
Personal name Misra, V.N.
Holdings
Withdrawn status Lost status Damaged status Not for loan Permanent Location Current Location Date acquired Full call number Barcode Date last seen Price effective from Koha item type
        Indian Institute of Public Administration Indian Institute of Public Administration 2018-08-04 A6x5422 GG31580 2018-08-04 2018-08-04 GG

Powered by Koha